Chinese new villages in Malaya : A community study
| Main Author: | |
|---|---|
| Format: | Book |
| Published: |
Kuala Lumpur :
Malaysian Sociological Research Institute Ltd. ,
1973
|
| Subjects: |
MARC
| LEADER | 00000cam a2200000 7i4500 | ||
|---|---|---|---|
| 001 | 0000003924 | ||
| 002 | 000004225 | ||
| 005 | 20000330.0 | ||
| 020 | |a T000000323 | ||
| 090 | 0 | 0 | |a 307.72 |b NYC |
| 100 | 1 | |a Nyce, Ray | |
| 245 | 1 | 0 | |a Chinese new villages in Malaya : |b A community study |c Ray Nyce |
| 260 | |a Kuala Lumpur : |b Malaysian Sociological Research Institute Ltd. , |c 1973 | ||
| 300 | |a 278p. ; |c 24cm. | ||
| 650 | 0 | 0 | |a Rural development |x History |
| 650 | 0 | 0 | |a Villages |x Social aspects |z Malaya |
| 999 | |a 037206 |b BUKU |c MALAYSIANA |e PERPUSTAKAAN KOMUNITI PETALING JAYA | ||